NPB 日本プロ野球 2020年代のドラフト1位 - Statistics

General Stats
  • This quiz has been taken 249 times
  • The average score is 24 of 60
Answer Stats
球団 選手名 備考 % Correct
阪神 佐藤輝明 4球団競合
79%
楽天 宗山塁 5球団競合
77%
中日 金丸夢斗 4球団競合
73%
楽天 早川隆久 4球団競合
68%
阪神 森下翔太
60%
ロッテ 西川史礁 2球団競合
58%
広島 佐々木泰
56%
西武 渡部健人
53%
西武 武内夏暉 3球団競合
53%
巨人 浅野翔吾 2球団競合
52%
日本ハム 伊藤大海
50%
西武 隅田知一郎 4球団競合
50%
DeNA 度会隆輝 3球団競合
50%
DeNA 入江大成
46%
広島 常廣羽也斗 2球団競合
46%
阪神 伊原陵人
45%
DeNA 小園健太 2球団競合
44%
広島 栗林良吏
43%
中日 髙橋宏斗
43%
巨人 石塚裕惺
43%
日本ハム 達孝太
41%
ソフトバンク 風間球打
41%
巨人 翁田大勢
41%
ヤクルト 中村優斗
41%
ソフトバンク 村上泰斗
41%
日本ハム 矢澤宏太
40%
ロッテ 鈴木昭汰
39%
ソフトバンク イヒネイツア
39%
日本ハム 柴田獅子
39%
中日 ブライト健太
37%
中日 草加勝
37%
オリックス 麦谷祐介
37%
阪神 森木大智
35%
阪神 下村海翔
35%
巨人 平内龍太
34%
ロッテ 松川虎生
34%
西武 齋藤大翔
33%
巨人 西舘勇陽 2球団競合
32%
ロッテ 上田希由翔
32%
ヤクルト 吉村貢司郎
31%
ソフトバンク 前田悠伍
31%
DeNA 武田祐
31%
ヤクルト 木澤尚文
30%
中日 仲地礼亜
30%
広島 斉藤優汰
30%
西武 蛭間拓哉
30%
DeNA 松尾汐恩
30%
日本ハム 細野晴希
28%
オリックス 椋木蓮
27%
ソフトバンク 井上朋也
26%
ヤクルト 山下輝
26%
楽天 荘司康誠 2球団競合
26%
楽天 古謝樹
26%
オリックス 山下舜平太
25%
広島 黒原拓未
25%
楽天 吉野創士
24%
オリックス 曽谷龍平
23%
オリックス 横山聖哉
23%
ヤクルト 西舘昂汰
21%
ロッテ 菊地吏玖
19%
No matching quizzes found
Score Distribution
Percent of People with Each Score
Percentile by Number Answered
Your Score History
You have not taken this quiz